000 00488nam a2200181Ia 4500
003 GCL
008 140319s9999 xx 000 0 ara d
040 _aGCL /
_cGCL
082 0 4 _a616.0194
_bب ف
100 1 _aبرنت، ف . م
245 1 0 _aالفيروس والانسان /
_cبرنت، ف . م
700 1 _aسعدالدين عبدالغفار
300 _a301 ص
490 _aالالف كتاب
_v0
650 0 4 _aالطب
650 0 4 _aالفيروسات
942 _2ddc
_cBK
999 _c43931
_d43931